00678nam a2200241 a 4500001001300000003000900013005001700022008004100039020000800080082001700088100002800105245001900133260003700152300000900189500003500198505000900233650002300242700002800265902000800293942000700301952011300308999001500421nice12345678IN_TiNIC20260116011943.0050524s1964 luca grp 000 0 urd  ac600a297.409bWAR aWarisi, Haji Munan Shah aSachchi Kahani aLucknowbDaftar Jahan Numac1964 a393p aincludes index and biblioraphy2 aill. aSufism-Hagiography1 aWarisi, Haji Munan Shah bSRS cBK 001040708StackRoom-aHMIbHMId2007-07-03g6.00l0o297.409 WARp06050r2007-07-03v6.00w2005-05-24yBK c5045d5045